Sports Quiz

Random Sports or Asia Quiz

Name Footballers with Filipino Roots Quiz Stats

 Plays Quiz not verified by Sporcle

Score 0/33 Timer 08:00
0 Plays Today
roots % Correct
British-FilipinoPhil Younghusband
90.7%
British-FilipinoJames Younghusband
86%
British-FilipinoNeil Etheridge
51.2%
FilipinoIan Araneta
46.5%
Dutch-FilipinoJason de Jong
44.2%
FilipinoAlexander Borromeo
43%
German-FilipinoManuel Ott
38.4%
FilipinoAnton del Rosario
37.2%
British-FilipinoSimon Greatwich
37.2%
British-FilipinoChris Greatwich
36%
Icelandic-FilipinoRay Jonsson
32.6%
FilipinoEmelio 'Chieffy' Caligdong
30.2%
British-FilipinoPhil Greatwich
30.2%
Danish-FilipinoJerry Lucena
30.2%
British-FilipinoChad Gould
25.6%
FilipinoRoel Gener
25.6%
Italian-FilipinoSimone Rota
24.4%
roots % Correct
British-FilipinoRobert Gier
24.4%
German-FilipinoDenis Wolf
22.1%
German-FilipinoRoland Muller
20.9%
Danish-FilipinoDennis Cagara
19.8%
British-FilipinoJoseph Marlow
16.3%
German-FilipinoMark Drinkuth
14%
American-FilipinoJoshua Alcala
14%
Australian-FilipinoJames Leigh Gunn
12.8%
American-FilipinoCharles Pettys
12.8%
Japanese-FilipinoSatoshi Otomo
12.8%
British-FilipinoDarren Hartmann
11.6%
German-FilipinoRalph Koch
11.6%
German-FilipinoJeffrey Tumanan
10.5%
Italian-FilipinoFilippo Braggio
8.1%
FilipinoHenry Brauner
8.1%
German-FilipinoAndy Prochnow
7%

You're not logged in!

Compare scores with friends on all Sporcle quizzes.
OR
Log In

Show Comments

Extras

Top Quizzes Today


Score Distribution

Your Account Isn't Verified!

In order to create a playlist on Sporcle, you need to verify the email address you used during registration. Go to your Sporcle Settings to finish the process.

Report this User

Report this user for behavior that violates our Community Guidelines.

Details: